[Event "Women's Speed Chess Q2"]
[Site "chess.com INT"]
[Date "2020.06.19"]
[Round "1"]
[White "Antova, Gabriela"]
[Black "Chen, Yining"]
[Result "1-0"]
[WhiteTitle "FM"]
[BlackTitle "WCM"]
[WhiteElo "2255"]
[BlackElo "1745"]
[WhiteFideId "2915235"]
[BlackFideId "8620946"]
[EventDate "2020.06.19"]

1. d4 Nf6 2. c4 e6 3. Nf3 d5 4. Nc3 dxc4 5. e4 Bb4 6. Bg5 h6 7. Bxf6 Qxf6 8. e5
Qe7 9. Bxc4 c5 10. O-O Bxc3 11. bxc3 cxd4 12. cxd4 O-O 13. Qe2 Nc6 14. Bd3 b6
15. Qe4 Bb7 16. Qh7# 1-0

[Event "Women's Speed Chess Q2"]
[Site "chess.com INT"]
[Date "2020.06.19"]
[Round "1"]
[White "Zvereva, Margarita"]
[Black "Gevorgyan, Maria"]
[Result "0-1"]
[WhiteTitle "WFM"]
[BlackTitle "WGM"]
[WhiteElo "1929"]
[BlackElo "2228"]
[WhiteFideId "34177741"]
[BlackFideId "13300270"]
[EventDate "2020.06.19"]

1. d4 d5 2. Nf3 Nf6 3. e3 c5 4. b3 Nc6 5. Bb2 Bg4 6. Be2 e6 7. O-O Bd6 8. Nbd2
cxd4 9. exd4 Bc7 10. h3 Bh5 11. Ne5 Bxe2 12. Qxe2 Nd7 13. f4 Bb6 14. Ndf3 Rc8
15. Kh1 Nf6 16. c4 Ne4 17. cxd5 Ng3+ 0-1

[Event "Women's Speed Chess Q2"]
[Site "chess.com INT"]
[Date "2020.06.19"]
[Round "1"]
[White "Osmak, Iulija"]
[Black "Sowa, Wiktoria"]
[Result "1-0"]
[WhiteTitle "IM"]
[BlackTitle "WFM"]
[WhiteElo "2438"]
[BlackElo "2093"]
[WhiteFideId "14101602"]
[BlackFideId "21836701"]
[EventDate "2020.06.19"]

1. d4 Nf6 2. c4 g6 3. Nc3 d5 4. cxd5 Nxd5 5. Bd2 Nb6 6. Nf3 Bg7 7. e4 O-O 8. Be3
Nc6 9. h3 e5 10. d5 Ne7 11. Be2 Kh8 12. O-O f5 13. exf5 Nxf5 14. Bg5 Qe8 15. Nb5
Qd7 16. Rc1 Nxd5 17. Nxc7 Nd4 18. Nxa8 Nxf3+ 19. Bxf3 1-0

[Event "Women's Speed Chess Q2"]
[Site "chess.com INT"]
[Date "2020.06.19"]
[Round "1"]
[White "Swati, Mohota"]
[Black "Varshini, V"]
[Result "0-1"]
[WhiteTitle "WFM"]
[BlackTitle "WGM"]
[WhiteElo "2027"]
[BlackElo "2226"]
[WhiteFideId "5006511"]
[BlackFideId "5091241"]
[EventDate "2020.06.19"]

1. d4 d5 2. Nf3 Nf6 3. e3 e6 4. c4 Be7 5. Nc3 O-O 6. Qc2 b6 7. cxd5 exd5 8. Bd3
c5 9. Kf1 Bb7 10. b3 Nbd7 11. Bb2 Rc8 12. Rd1 cxd4 13. exd4 Ne4 14. Bxe4 dxe4
15. Ne5 Nxe5 16. dxe5 Qc7 17. Qe2 Rfd8 18. h4 Bb4 19. Nb5 Rxd1+ 20. Qxd1 Ba6 21.
a4 Qc2 22. Qxc2 Rxc2 23. Bd4 Rc1+ 0-1

[Event "Women's Speed Chess Q2"]
[Site "chess.com INT"]
[Date "2020.06.19"]
[Round "1"]
[White "Rovira Contreras, Tairu Manuela"]
[Black "Shevtchenko, Olesya"]
[Result "0-1"]
[WhiteTitle "WIM"]
[BlackTitle "WFM"]
[WhiteElo "2058"]
[BlackElo "2054"]
[WhiteFideId "3900533"]
[BlackFideId "24131890"]
[EventDate "2020.06.19"]

1. d4 Nf6 2. c4 e6 3. Nf3 Bb4+ 4. Bd2 Qe7 5. Nc3 O-O 6. Qc2 d6 7. a3 Bxc3 8.
Bxc3 Nbd7 9. e4 e5 10. d5 a5 11. b3 b6 12. Be2 Ne8 13. O-O Nc5 14. b4 Nb7 15.
Qd2 f5 16. Bd3 f4 17. Rfd1 g5 18. c5 bxc5 19. bxc5 Nxc5 20. Bxa5 g4 21. Ne1 Nb3
22. Qb4 Nxa5 0-1

[Event "Women's Speed Chess Q2"]
[Site "chess.com INT"]
[Date "2020.06.19"]
[Round "1"]
[White "Zavivaeva, Evelina"]
[Black "Osmanodja, Filiz"]
[Result "0-1"]
[WhiteTitle "WCM"]
[BlackTitle "WGM"]
[WhiteElo "1619"]
[BlackElo "2293"]
[WhiteFideId "44127839"]
[BlackFideId "24633569"]
[EventDate "2020.06.19"]

1. e4 c5 2. c3 Nc6 3. d4 cxd4 4. cxd4 d5 5. e5 Bf5 6. Nc3 e6 7. Bb5 Bb4 8. Nf3
Ne7 9. Bd2 O-O 10. O-O a6 11. Ba4 b5 12. Bc2 Bg4 13. h3 Bxf3 14. Qxf3 Nxd4 15.
Qd3 Nxc2 16. Qxc2 Rc8 17. Qd3 Ng6 18. a3 Nxe5 19. Qd4 Bd6 20. b3 Qf6 21. Qf4
Qxf4 0-1

[Event "Women's Speed Chess Q2"]
[Site "chess.com INT"]
[Date "2020.06.19"]
[Round "1"]
[White "Girya, Olga"]
[Black "Hng, Mei-En Emmanuelle"]
[Result "1-0"]
[WhiteTitle "WGM"]
[BlackTitle "WFM"]
[WhiteElo "2469"]
[BlackElo "2029"]
[WhiteFideId "4195752"]
[BlackFideId "5804566"]
[EventDate "2020.06.19"]

1. d4 Nf6 2. c4 e6 3. Nf3 c5 4. d5 exd5 5. cxd5 d6 6. Nc3 g6 7. e4 Bg7 8. h3 O-O
9. Bd3 Nbd7 10. O-O Re8 11. Re1 a6 12. a4 Qc7 13. Bf4 c4 14. Bf1 Nh5 15. Bh2 Ne5
16. Be2 Nf6 17. Bxe5 dxe5 18. Nd2 Bd7 19. Nxc4 b5 20. d6 Qd8 21. axb5 axb5 22.
Rxa8 Qxa8 23. Nb6 Qb7 24. Nxd7 Nxd7 25. Bxb5 Ra8 26. Qd5 Qa7 27. Bxd7 1-0

[Event "Women's Speed Chess Q2"]
[Site "chess.com INT"]
[Date "2020.06.19"]
[Round "1"]
[White "Tereladze, Sopiko"]
[Black "Kantane, Anna"]
[Result "1/2-1/2"]
[WhiteTitle "WIM"]
[BlackTitle "WIM"]
[WhiteElo "2141"]
[BlackElo "2252"]
[WhiteFideId "13600486"]
[BlackFideId "1135988"]
[EventDate "2020.06.19"]

1. e4 e5 2. Nf3 Nc6 3. Bc4 Nf6 4. d3 Bc5 5. Nc3 a6 6. Be3 d6 7. Qd2 Bxe3 8. fxe3
Na5 9. Bb3 Nxb3 10. axb3 O-O 11. O-O Ng4 12. h3 Nh6 13. Rf2 f5 14. exf5 Nxf5 15.
e4 Ng3 16. Qg5 Qxg5 17. Nxg5 Bd7 18. Nf3 Rf7 19. Kh2 Nh5 20. Raf1 Raf8 21. Ne2
h6 22. Ng3 Nf4 23. Ne2 Nh5 24. Ng3 Nf4 25. Ne2 Nh5 1/2-1/2

[Event "Women's Speed Chess Q2"]
[Site "chess.com INT"]
[Date "2020.06.19"]
[Round "1"]
[White "Sliwicka, Alicja"]
[Black "Kucharska, Honorata"]
[Result "1/2-1/2"]
[WhiteTitle "WIM"]
[BlackTitle "WFM"]
[WhiteElo "2317"]
[BlackElo "2113"]
[WhiteFideId "1150677"]
[BlackFideId "1163868"]
[EventDate "2020.06.19"]

1. e4 e6 2. d4 d5 3. Nc3 Nf6 4. Bg5 Be7 5. e5 Nfd7 6. h4 h6 7. Bxe7 Qxe7 8. f4
a6 9. Nf3 c5 10. dxc5 Nxc5 11. Qd2 Nc6 12. O-O-O b5 13. Bd3 O-O 14. f5 b4 15.
Ne2 exf5 16. Ned4 Nxd4 17. Nxd4 Nxd3+ 18. Qxd3 Qxe5 19. Nc6 Qf4+ 20. Kb1 Be6 21.
Ne7+ Kh8 22. Rhf1 Qxh4 23. Nxf5 Bxf5 24. Rxf5 1/2-1/2

[Event "Women's Speed Chess Q2"]
[Site "chess.com INT"]
[Date "2020.06.19"]
[Round "1"]
[White "Shuvalova, Polina"]
[Black "Gomez Barrera, Javiera Belen"]
[Result "1-0"]
[WhiteTitle "WGM"]
[BlackTitle "WIM"]
[WhiteElo "2454"]
[BlackElo "2083"]
[WhiteFideId "24171760"]
[BlackFideId "3418723"]
[EventDate "2020.06.19"]

1. e4 e5 2. Nf3 Nc6 3. Bb5 a6 4. Ba4 Nf6 5. O-O Be7 6. Re1 O-O 7. Bxc6 dxc6 8.
Nxe5 Re8 9. d3 Be6 10. Nf3 c5 11. Nc3 b5 12. h3 Rb8 13. a4 h6 14. axb5 axb5 15.
Be3 c6 16. Ne2 c4 17. Nf4 Qc8 18. e5 Nd5 19. Nxe6 Qxe6 20. d4 b4 21. Qe2 c3 22.
b3 Ra8 23. Qc4 Nxe3 24. Qxe6 fxe6 25. fxe3 g5 26. Red1 h5 27. Ne1 g4 28. hxg4
hxg4 29. Nd3 Kg7 30. Nf4 Kf7 31. Rf1 Rg8 32. g3 1-0

[Event "Women's Speed Chess Q2"]
[Site "chess.com INT"]
[Date "2020.06.19"]
[Round "1"]
[White "Rakhmangulova, Anastasiya"]
[Black "Rivera, Ingris"]
[Result "1-0"]
[WhiteTitle "WIM"]
[BlackTitle "WIM"]
[WhiteElo "2191"]
[BlackElo "2249"]
[WhiteFideId "14117479"]
[BlackFideId "4402472"]
[EventDate "2020.06.19"]

1. e4 c5 2. Nf3 d6 3. d4 cxd4 4. Nxd4 Nf6 5. Nc3 a6 6. h4 e5 7. Nb3 Be7 8. Be2
Be6 9. Bf3 Nbd7 10. g4 Nc5 11. Nxc5 dxc5 12. Qe2 b5 13. g5 Nd7 14. Be3 Qc7 15.
O-O-O Nb6 16. Nd5 Bxd5 17. exd5 Bd6 18. Kb1 Nc4 19. Bc1 O-O 20. h5 a5 21. Be4 a4
22. g6 h6 23. gxf7+ Qxf7 24. Rhg1 Kh8 25. Bxh6 gxh6 26. Rg6 Qxf2 27. Rxh6+ Kg8
28. Qg4+ Kf7 29. Qe6+ Kg7 30. Qg6# 1-0

[Event "Women's Speed Chess Q2"]
[Site "chess.com INT"]
[Date "2020.06.19"]
[Round "1"]
[White "Cagara, Paulina"]
[Black "Tomilova, Elena"]
[Result "0-1"]
[BlackTitle "WGM"]
[WhiteElo "2054"]
[BlackElo "2353"]
[WhiteFideId "1124870"]
[BlackFideId "4162340"]
[EventDate "2020.06.19"]

1. e4 e6 2. d4 d5 3. Nc3 Nf6 4. e5 Nfd7 5. f4 c5 6. Nf3 Nc6 7. Be3 cxd4 8. Nxd4
Bc5 9. Qd2 O-O 10. Nce2 a6 11. c3 Qc7 12. g3 b5 13. a3 Na5 14. Nc1 Nc4 15. Bxc4
dxc4 16. Nce2 Bb7 17. Rg1 Nb6 18. O-O-O Nd5 19. g4 a5 20. Nc2 Nxe3 21. Nxe3 Qb6
22. Nd4 Rfd8 23. Nec2 b4 24. cxb4 axb4 25. axb4 Bxd4 26. Nxd4 Be4 27. b3 cxb3 0-1

[Event "Women's Speed Chess Q2"]
[Site "chess.com INT"]
[Date "2020.06.19"]
[Round "1"]
[White "Paramzina, Anastasya"]
[Black "Arabidze, Meri"]
[Result "0-1"]
[WhiteTitle "WGM"]
[BlackTitle "IM"]
[WhiteElo "2209"]
[BlackElo "2428"]
[WhiteFideId "4165012"]
[BlackFideId "13604040"]
[EventDate "2020.06.19"]

1. e4 c5 2. f3 e6 3. d4 cxd4 4. Qxd4 Nc6 5. Qf2 Nf6 6. Nc3 d5 7. exd5 exd5 8.
Bg5 Be7 9. O-O-O Be6 10. h4 O-O 11. Nge2 Qa5 12. Bd2 Rac8 13. Kb1 Rfd8 14. a3 d4
15. Ne4 Qd5 16. Nxf6+ Bxf6 17. Nc1 b5 18. g4 a5 19. g5 Be7 20. Bg2 b4 21. a4 d3
22. f4 dxc2+ 23. Kxc2 Bf5+ 24. Nd3 Qxd3+ 25. Kc1 Qb1# 0-1

[Event "Women's Speed Chess Q2"]
[Site "chess.com INT"]
[Date "2020.06.19"]
[Round "1"]
[White "Bulmaga, Irina"]
[Black "Toncheva, Nadya"]
[Result "1-0"]
[WhiteTitle "IM"]
[BlackTitle "WFM"]
[WhiteElo "2440"]
[BlackElo "2064"]
[WhiteFideId "13903063"]
[BlackFideId "2924056"]
[EventDate "2020.06.19"]

1. e4 c5 2. Nf3 e6 3. d4 cxd4 4. Nxd4 Nf6 5. Nc3 d6 6. Be3 a6 7. f3 Be7 8. Qd2
O-O 9. O-O-O Qc7 10. g4 b5 11. a3 Bb7 12. h4 Nc6 13. Nxc6 Bxc6 14. h5 Nd7 15.
Ne2 d5 16. Nd4 dxe4 17. Nxc6 Qxc6 18. Qxd7 Rac8 19. Qxc6 Rxc6 20. fxe4 Rfc8 21.
c3 b4 22. axb4 Bxb4 23. Be2 a5 24. Kb1 Be7 25. Rd7 Bf6 26. Rhd1 h6 27. Bb5 R6c7
28. Rxc7 Rxc7 29. c4 Rb7 30. Kc2 Be5 31. Rd7 Rb8 32. b3 Kf8 33. Bc5+ Kg8 34. Bd6
Bxd6 35. Rxd6 Kf8 36. Rd7 g6 37. hxg6 fxg6 38. Rh7 1-0

[Event "Women's Speed Chess Q2"]
[Site "chess.com INT"]
[Date "2020.06.19"]
[Round "1"]
[White "Bivol, Alina"]
[Black "Thipsay, Bagyashree Sathe"]
[Result "1-0"]
[WhiteTitle "WGM"]
[BlackTitle "WIM"]
[WhiteElo "2386"]
[BlackElo "2072"]
[WhiteFideId "4100123"]
[BlackFideId "5001013"]
[EventDate "2020.06.19"]

1. Nf3 d5 2. g3 Bg4 3. Bg2 Nd7 4. h3 Bh5 5. O-O c6 6. d3 e6 7. e4 Be7 8. Nc3 d4
9. Ne2 e5 10. g4 Bg6 11. Ng3 h5 12. gxh5 Bxh5 13. Nxh5 Rxh5 14. Nxd4 g6 15. Nf5
Bf6 16. Be3 Qc7 17. a4 Rh8 18. Ng3 O-O-O 19. a5 Kb8 20. b4 Be7 21. Rb1 a6 22. c4
Nh6 23. Qb3 f5 24. Bxh6 Rxh6 25. exf5 Rf8 26. f6 Nxf6 27. b5 axb5 28. cxb5 Nd5
29. bxc6 1-0

[Event "Women's Speed Chess Q2"]
[Site "chess.com INT"]
[Date "2020.06.19"]
[Round "1"]
[White "Kovanova, Baira"]
[Black "De Seroux, Camille"]
[Result "1-0"]
[WhiteTitle "WGM"]
[BlackTitle "WIM"]
[WhiteElo "2343"]
[BlackElo "2137"]
[WhiteFideId "4164083"]
[BlackFideId "1305620"]
[EventDate "2020.06.19"]

1. e4 c5 2. Nc3 Nc6 3. g3 g6 4. Bg2 Bg7 5. d3 e6 6. Be3 d6 7. Qd2 Nge7 8. Nf3 a6
9. O-O O-O 10. Nh4 b6 11. Bh6 Nd4 12. Bxg7 Kxg7 13. Nd1 Bb7 14. c3 Ndc6 15. Ne3
Qc7 16. f4 f5 17. Nf3 Rad8 18. exf5 gxf5 19. Qe2 b5 20. Ng5 Rf6 21. Nc2 Na5 22.
Bxb7 Qxb7 23. Nxe6+ Rxe6 24. Qxe6 Nac6 25. Rae1 Re8 26. Ne3 b4 27. Nxf5+ Nxf5
28. Qxe8 bxc3 29. bxc3 Qb6 30. Qd7+ 1-0

[Event "Women's Speed Chess Q2"]
[Site "chess.com INT"]
[Date "2020.06.19"]
[Round "1"]
[White "Jakubowska, Anna"]
[Black "Gunina, Valentina"]
[Result "0-1"]
[WhiteTitle "WIM"]
[BlackTitle "GM"]
[WhiteElo "2073"]
[BlackElo "2431"]
[WhiteFideId "1121952"]
[BlackFideId "4167570"]
[EventDate "2020.06.19"]

1. e4 c6 2. d4 d5 3. exd5 cxd5 4. Bd3 Nc6 5. c3 Qc7 6. Ne2 Bg4 7. f3 Bd7 8. Bf4
e5 9. dxe5 Nxe5 10. Bc2 Nf6 11. O-O Bd6 12. Kh1 O-O 13. Nd4 Rfe8 14. Na3 a6 15.
Nf5 Bxf5 16. Bxf5 Bxa3 17. bxa3 Qxc3 18. Rb1 b5 19. Rb3 Qc4 20. Bg3 g6 21. Bb1
Rac8 22. Rb4 Qc3 23. Bh4 Ned7 24. Rf4 Rc4 25. Be1 Rxe1 26. Rxe1 Rxf4 27. Bc2 Rd4
28. Qb1 Rd2 29. Bb3 Qd3 30. Qc1 Kg7 0-1

[Event "Women's Speed Chess Q2"]
[Site "chess.com INT"]
[Date "2020.06.19"]
[Round "1"]
[White "Smietanska, Wiktoria"]
[Black "Demchenko, Svitlana"]
[Result "0-1"]
[WhiteTitle "CM"]
[BlackTitle "WIM"]
[WhiteElo "1593"]
[BlackElo "2071"]
[WhiteFideId "21869359"]
[BlackFideId "14149893"]
[EventDate "2020.06.19"]

1. c4 f5 2. Nc3 Nf6 3. g3 g6 4. Bg2 Bg7 5. e3 d6 6. Nge2 e5 7. d3 O-O 8. O-O Nc6
9. Rb1 Be6 10. b4 Rb8 11. a4 Ne7 12. b5 Qd7 13. a5 Nh5 14. f4 exf4 15. exf4 d5
16. c5 d4 17. Na4 c6 18. b6 a6 19. Bb2 Nd5 20. Nxd4 Ne3 21. Qe2 Bxd4 22. Bxd4
Qxd4 23. Kh1 Bd5 24. Bxd5+ Qxd5+ 25. Kg1 Nxf1 26. Rxf1 Rbe8 27. Qb2 Qxd3 28.
Qa2+ Rf7 29. Qb2 Re2 30. Qc1 Qe4 31. Rf2 Rxf2 32. Kxf2 Qxa4 0-1

[Event "Women's Speed Chess Q2"]
[Site "chess.com INT"]
[Date "2020.06.19"]
[Round "1"]
[White "Zawadzka, Jolanta"]
[Black "Alboredo, Julia"]
[Result "1-0"]
[WhiteTitle "WGM"]
[BlackTitle "WFM"]
[WhiteElo "2419"]
[BlackElo "2182"]
[WhiteFideId "1122320"]
[BlackFideId "2124807"]
[EventDate "2020.06.19"]

1. e4 c5 2. Nf3 d6 3. d4 cxd4 4. Nxd4 Nf6 5. f3 e5 6. Nb3 a5 7. c4 Nxe4 8. fxe4
Qh4+ 9. Kd2 a4 10. g3 Qxe4 11. Bd3 Qg2+ 12. Kc3 axb3 13. Nd2 g6 14. Be4 Qh3 15.
Qxb3 Nc6 16. Qb5 Qd7 17. Rf1 Bg7 18. Bd5 O-O 19. Ne4 Qh3 20. Rxf7 Rxf7 21. Bxf7+
Kh8 22. Bd5 Bf5 23. Nxd6 Nd8 24. Qe8+ 1-0

[Event "Women's Speed Chess Q2"]
[Site "chess.com INT"]
[Date "2020.06.19"]
[Round "1"]
[White "Shafigullina, Zarina"]
[Black "Nikulina, Alena"]
[Result "1-0"]
[WhiteTitle "WFM"]
[BlackTitle "WFM"]
[WhiteElo "2296"]
[BlackElo "1887"]
[WhiteFideId "24174220"]
[BlackFideId "4172051"]
[EventDate "2020.06.19"]

1. d4 Nf6 2. Nf3 e6 3. g3 b6 4. Bg2 Bb7 5. O-O Be7 6. c4 O-O 7. Nc3 d5 8. Ne5
Nbd7 9. Qa4 Nxe5 10. dxe5 Ne4 11. Nxe4 dxe4 12. Qc2 Qd4 13. Bf4 Rfd8 14. Rfd1
Qc5 15. Bxe4 Bxe4 16. Qxe4 Qb4 17. b3 b5 18. Rxd8+ Rxd8 19. Rc1 Bc5 20. Kg2 h6
21. Be3 Bxe3 22. Qxe3 Qd2 23. Qxd2 Rxd2 24. cxb5 Rxe2 25. a4 Rb2 26. Rxc7 Rxb3
27. Rxa7 Ra3 28. a5 Kh7 29. b6 Rb3 30. b7 Rb5 31. a6 Rb6 32. Ra8 1-0

[Event "Women's Speed Chess Q2"]
[Site "chess.com INT"]
[Date "2020.06.19"]
[Round "1"]
[White "Hernandez Bonilla, Amelia"]
[Black "Arakhamia-Grant, Ketevan"]
[Result "0-1"]
[WhiteTitle "WFM"]
[BlackTitle "GM"]
[WhiteElo "2016"]
[BlackElo "2380"]
[WhiteFideId "3900193"]
[BlackFideId "13600168"]
[EventDate "2020.06.19"]

1. d4 Nf6 2. Nf3 g6 3. e3 Bg7 4. c4 O-O 5. Nc3 d6 6. Be2 Nbd7 7. O-O e5 8. b4
Ne8 9. Bb2 f5 10. Qb3 e4 11. Nd2 c6 12. Rfd1 Kh8 13. a4 Ndf6 14. b5 Be6 15. Qc2
d5 16. Ba3 Rg8 17. Rab1 g5 18. bxc6 bxc6 19. cxd5 cxd5 20. Nb3 f4 21. Nc5 Bf5
22. exf4 gxf4 23. Kh1 Bf8 24. Rb7 Nd6 25. Rb2 f3 26. gxf3 exf3 27. Bd3 Nfe4 28.
N3xe4 dxe4 29. Bc4 Qg5 30. Bxg8 Qg2# 0-1

[Event "Women's Speed Chess Q2"]
[Site "chess.com INT"]
[Date "2020.06.19"]
[Round "1"]
[White "Papp, Petra"]
[Black "Huda, Maryana"]
[Result "1-0"]
[WhiteTitle "WGM"]
[BlackTitle "WGM"]
[WhiteElo "2338"]
[BlackElo "2128"]
[WhiteFideId "739049"]
[BlackFideId "14116553"]
[EventDate "2020.06.19"]

1. e4 e5 2. Nf3 Nc6 3. Bb5 a6 4. Ba4 Nf6 5. O-O b5 6. Bb3 Bb7 7. a4 Bc5 8. c3 d6
9. d4 Bb6 10. Re1 O-O 11. Bg5 h6 12. Bh4 g5 13. Nxg5 hxg5 14. Bxg5 exd4 15. cxd4
Nxd4 16. Bd5 c6 17. Ra3 Ne6 18. Bh4 cxd5 19. Rf3 Bd4 20. e5 Bxe5 21. Rxe5 dxe5
22. Bxf6 Nf4 23. Rxf4 Qxf6 24. Rxf6 Kg7 25. Rd6 f5 26. Qh5 Rf6 27. Qg5+ 1-0

[Event "Women's Speed Chess Q2"]
[Site "chess.com INT"]
[Date "2020.06.19"]
[Round "1"]
[White "Shvedova, Alexandra"]
[Black "Pham, Bich Ngoc"]
[Result "0-1"]
[WhiteTitle "WFM"]
[BlackTitle "WIM"]
[WhiteElo "1994"]
[BlackElo "2235"]
[WhiteFideId "54154782"]
[BlackFideId "12401285"]
[EventDate "2020.06.19"]

1. e4 g6 2. d4 Bg7 3. Nc3 d6 4. f4 e6 5. Nf3 Nc6 6. Be3 h6 7. Be2 Nf6 8. O-O O-O
9. a4 a5 10. h3 Nh5 11. Qe1 f5 12. e5 Bd7 13. Nd2 Bh8 14. Bxh5 gxh5 15. Rf3 Kh7
16. Qe2 Rg8 17. Kh2 Nb4 18. Nf1 Bc6 19. Rg3 h4 20. Rxg8 Qxg8 21. g3 Qg6 22. gxh4
Rg8 23. d5 Nxd5 24. Nb5 Nxe3 25. Nxe3 Qg3# 0-1

[Event "Women's Speed Chess Q2"]
[Site "chess.com INT"]
[Date "2020.06.19"]
[Round "1"]
[White "Buksa, Nataliya"]
[Black "Chumpitaz, Ann"]
[Result "1-0"]
[WhiteTitle "IM"]
[BlackTitle "WIM"]
[WhiteElo "2410"]
[BlackElo "2244"]
[WhiteFideId "14123622"]
[BlackFideId "3804178"]
[EventDate "2020.06.19"]

1. d4 Nf6 2. Nc3 g6 3. Bf4 Bg7 4. e3 d5 5. h4 h5 6. Nf3 Bg4 7. Be2 Bxf3 8. Bxf3
c6 9. Qe2 Qb6 10. O-O-O Nbd7 11. e4 dxe4 12. Nxe4 O-O 13. Ng5 Rfe8 14. Be5 a5
15. g4 hxg4 16. Bxg4 Nxg4 17. Bxg7 Kxg7 18. Qxg4 Nf6 19. Qe2 Qc7 20. Kb1 Rh8 21.
Ne4 Nd5 22. Qg4 Qf4 23. Qxf4 Nxf4 24. Ng3 Nd5 25. h5 Nf4 26. hxg6 Rxh1 27. Rxh1
Kxg6 28. Re1 e6 29. Ne4 Rd8 30. c3 b6 31. Kc2 Kf5 32. Nd2 Kf6 33. Nc4 Rb8 34.
Re4 Nd5 35. Ne5 Ne7 36. Nd7+ 1-0

[Event "Women's Speed Chess Q2"]
[Site "chess.com INT"]
[Date "2020.06.19"]
[Round "1"]
[White "Efimenko, Maria"]
[Black "Mammadova, Gulnar"]
[Result "0-1"]
[WhiteTitle "WIM"]
[BlackTitle "IM"]
[WhiteElo "2245"]
[BlackElo "2382"]
[WhiteFideId "14124327"]
[BlackFideId "13403508"]
[EventDate "2020.06.19"]

1. e4 e6 2. d3 d5 3. Nd2 c5 4. Ngf3 Nc6 5. g3 g6 6. Bg2 Bg7 7. O-O Nge7 8. c3 b6
9. Re1 a5 10. e5 h6 11. d4 Ba6 12. Nf1 Rc8 13. Be3 cxd4 14. cxd4 Nb4 15. a3 Nc2
16. Rc1 Nxe1 17. Nxe1 O-O 18. Qd2 Rxc1 19. Qxc1 Qc8 20. Qd2 Nf5 21. g4 Nxe3 22.
Nxe3 Qc7 23. f4 Rc8 24. f5 Qc1 25. Qf2 Bd3 26. f6 Bf8 27. Bf3 Be4 28. Bxe4 dxe4
29. Kg2 Rd8 30. Nf1 Qd1 31. Ng3 Qxd4 32. Qxd4 Rxd4 33. Kf2 Rd2+ 0-1

[Event "Women's Speed Chess Q2"]
[Site "chess.com INT"]
[Date "2020.06.19"]
[Round "1"]
[White "Mukhina, Jana"]
[Black "Hejazipour, Mitra"]
[Result "0-1"]
[WhiteTitle "WFM"]
[BlackTitle "WGM"]
[WhiteElo "2068"]
[BlackElo "2300"]
[WhiteFideId "34115428"]
[BlackFideId "12505951"]
[EventDate "2020.06.19"]

1. e4 c5 2. b4 cxb4 3. a3 d5 4. exd5 Qxd5 5. Nf3 Nf6 6. Bb2 Bg4 7. Be2 e6 8. O-O
Nc6 9. axb4 Bxb4 10. c4 Qd7 11. d4 O-O 12. d5 exd5 13. Bxf6 gxf6 14. cxd5 Ne7
15. h3 Bh5 16. Qa4 Qxa4 17. Rxa4 a5 18. g4 Bg6 19. Bc4 Rac8 20. Bb3 b5 21. Ra1
a4 22. Ba2 Rfd8 23. Nd4 Nxd5 24. Nxb5 Bd3 25. Rd1 Nf4 26. N1a3 Nxh3+ 27. Kg2
Nf4+ 28. Kh2 Rb8 29. Nc7 Bxa3 30. Rac1 Bxc1 31. Rxc1 0-1

[Event "Women's Speed Chess Q2"]
[Site "chess.com INT"]
[Date "2020.06.19"]
[Round "1"]
[White "Andriasyan, Siranush"]
[Black "Yu, Jennifer"]
[Result "0-1"]
[WhiteTitle "WIM"]
[BlackTitle "FM"]
[WhiteElo "2298"]
[BlackElo "2315"]
[WhiteFideId "13301926"]
[BlackFideId "2078341"]
[EventDate "2020.06.19"]

1. e4 e5 2. Nf3 Nc6 3. Bc4 Bc5 4. c3 Nf6 5. d4 exd4 6. cxd4 Bb4+ 7. Nc3 d5 8.
exd5 Nxd5 9. O-O Nxc3 10. bxc3 Be7 11. d5 Na5 12. Qa4+ c6 13. dxc6 Nxc6 14. Rd1
Qc7 15. Ba3 O-O 16. Bxe7 Qxe7 17. Re1 Qf6 18. Nd4 Nxd4 19. cxd4 Bf5 20. Rad1
Rad8 21. Qxa7 Rd7 22. d5 b5 23. Qc5 bxc4 24. Qxc4 Rfd8 25. h3 h6 26. a4 Be6 27.
Qc6 Rxd5 28. Rxd5 Rxd5 29. Qa8+ Kh7 30. a5 Qc3 31. Rf1 Rxa5 32. Qe4+ Bf5 33. Qf4
Bg6 34. Kh2 Rf5 35. Qg4 Qd3 36. Rd1 Qc2 37. Rd8 Qc7+ 0-1

[Event "Women's Speed Chess Q2"]
[Site "chess.com INT"]
[Date "2020.06.19"]
[Round "1"]
[White "Borisova, Ekaterina"]
[Black "Doluhanova, Evgeniya"]
[Result "0-1"]
[WhiteTitle "FM"]
[BlackTitle "WGM"]
[WhiteElo "2283"]
[BlackElo "2229"]
[WhiteFideId "34124184"]
[BlackFideId "14112035"]
[EventDate "2020.06.19"]

1. Nf3 Nf6 2. g3 b6 3. Bg2 Bb7 4. O-O e6 5. d4 Be7 6. c4 O-O 7. d5 exd5 8. Nh4
c6 9. cxd5 Nxd5 10. Nf5 Nc7 11. e4 d5 12. Nc3 Bf6 13. exd5 cxd5 14. Bf4 Nba6 15.
Re1 Nc5 16. Nd6 Bc6 17. b4 Bxc3 18. bxc5 bxc5 19. Qg4 Bxa1 20. Rxa1 Ne6 21. Be5
Qg5 22. Qe2 Rad8 23. h4 Qg6 24. Bh3 Nd4 25. Bxd4 Qxd6 26. Be5 Rfe8 27. Bxd6 Rxe2
28. Bxc5 d4 29. Bf1 Rc2 30. Bxa7 d3 31. Bb6 Rd7 32. Be3 d2 33. Be2 Ba4 34. Kg2
Rb2 35. Bxd2 Rdxd2 0-1